| 000 | 01042nam a2200313 i 4500 | ||
|---|---|---|---|
| 001 | 016492560 | ||
| 003 | OSt | ||
| 005 | 20201128021206.0 | ||
| 008 | 131216t2014 xxka frb 001 0 eng d | ||
| 020 | _a9781292025902 (pbk.) | ||
| 020 | _a1292025905 (pbk.) | ||
| 040 |
_aStDuBDS _beng _cStDuBDS _dUk _dEG-ScBUE |
||
| 082 | 0 | 0 |
_a621.38223 _222 _bNAW |
| 100 | 1 |
_aOppenheim, Alan V., _d1937- _937354 |
|
| 245 | 1 | 0 |
_aSignals and systems / _cAlan V. Oppenheim, Alan S. Willsky with S. Hamid Nawab. |
| 250 |
_a2nd ed. _bPearson new international ed. |
||
| 260 |
_aHarlow, United Kingdom : _bPearson Education Limited, _cc.2014. |
||
| 300 |
_aii, 937 p. : _bill. ; _c28 cm. |
||
| 490 | 0 | _aAlways learning | |
| 500 | _aIndex : p. 937. | ||
| 504 | _aBibliography : p. 917-925. | ||
| 650 | 0 |
_aSystem analysis _9734 |
|
| 650 | 0 |
_aSignal theory (Telecommunication) _95934 |
|
| 653 |
_bENGELC _cFebruary2015 |
||
| 655 |
_vtext book _933728 |
||
| 700 | 1 |
_aWillsky, Alan S. _937355 |
|
| 700 | 1 |
_aHamid, Syed Abdul _937356 |
|
| 942 |
_2ddc _k621.38223 NAW |
||
| 999 |
_c18949 _d18921 |
||